| 000 | 00818nam a2200253 i 4500 | ||
|---|---|---|---|
| 001 | 000028055 | ||
| 003 | DO-SdBNP | ||
| 005 | 20240925113110.0 | ||
| 007 | ta | ||
| 008 | 110406s1996 dr ag 000 0 spa d | ||
| 040 |
_aDO-SdBNP _bspa _cBNPHU _erda |
||
| 049 | _aBNPD | ||
| 082 |
_axxx _bA742h |
||
| 100 | 1 |
_aArnaiz, Francisco José, _96960 _eautor _4aut. |
|
| 245 | 1 | 0 |
_aHacia belén / _cFrancisco José Arnaiz ; edición, Rafael Bello Peguero. |
| 264 | 4 |
_aSanto Domingo : _bEditora Amigo del Hogar, _c1996. |
|
| 300 |
_a26 páginas: _bilustraciones ; música ; _c23 cm. |
||
| 336 |
_atexto _btxt _2rdacontent |
||
| 337 |
_asin mediación _bn _2rdamedia |
||
| 338 |
_avolumen _bnc _2rdacarrier |
||
| 590 | _aInventariado, 2024/BT | ||
| 700 | 1 |
_aBello Peguero, Rafael, _d1932-2022 _eeditor _92405 _4ed. |
|
| 942 |
_2ddc _cLF2 |
||
| 999 |
_c27547 _d27547 |
||